| 000 | 00330nam a2200097Ia 4500 | ||
|---|---|---|---|
| 082 | _a320.968|PILL | ||
| 245 | 0 | _aState of the nation : South Africa, 2012-2013 : addressing inequality and poverty | |
| 100 |
_a Pillay, Udesh Cape Town , South Africa, 2013 _961268 |
||
| 942 | _cBK | ||
| 008 | 210817s9999 xx 000 0 und d | ||
| 999 |
_c192848 _d192847 |
||